000 00353 a2200109 4500
001 ART_3015
005 20260410161712.0
008 260409a
245 1 0 _aLa teoría del cambio tecnológico y las economías dependientes
100 1 _aMonza, Alfredo
773 0 _tDesarrollo económico
_g- Vol. 12, Nº 46 (jul./sep. 1972)
_wREV1174
999 _c16142
_d16142